| 000 | 00570nam a2200205Ia 4500 | ||
|---|---|---|---|
| 005 | 20250923145359.0 | ||
| 008 | 008 250917s9999 xx 000 0 eng d | ||
| 037 | _aTextual | ||
| 040 |
_aDSWL _beng _cDSWL |
||
| 041 |
_aeng _2eng |
||
| 084 |
_aV247'N64-N4, N64 _qDSWL |
||
| 100 |
_aNoorani, A.G. _9834687 |
||
| 245 | 4 |
_aThe Kashmir question _c by A.G. Noorani |
|
| 260 |
_aBombay _bManavtalas _c1964 |
||
| 300 | _a125 p. | ||
| 365 |
_aINR _b8 . 50 |
||
| 925 | _g8 . 50 | ||
| 942 |
_cTEXL _hV247'N64-N4, N64 |
||
| 999 |
_c1450671 _d1450671 |
||